[Event "2014 Under 1800"]
[Site "Edmonton"]
[Date "2014.08.31"]
[Round "4"]
[White "Burn, Johnny"]
[Black "Mo, Michelle"]
[Result "0-1"]
[WhiteElo "1632"]
[BlackElo "1554"]
[PlyCount "96"]
[EventDate "2014.08.30"]
[EventType "swiss"]
[EventRounds "5"]
[EventCountry "CAN"]

1. e4 c5 2. Nf3 d6 3. d4 cxd4 4. Nxd4 Nf6 5. Nc3 a6 6. Be3 e6 7. f3 Be7 8. Qd2
O-O 9. O-O-O Qd7 10. Kb1 b5 11. g4 b4 12. Nce2 a5 13. h4 Nc6 14. Nxc6 Qxc6 15.
Nd4 Qd7 16. Bb5 Qc7 17. Nc6 d5 18. Nxe7+ Qxe7 19. e5 Nd7 20. Bxd7 Bxd7 21. g5
a4 22. Qf2 Rfc8 23. h5 Be8 24. Rdg1 b3 25. Rc1 a3 26. cxb3 Rxc1+ 27. Rxc1 axb2
28. Qxb2 Qb4 29. Qd4 Qa3 30. Rc2 Qa6 31. Bc1 Bb5 32. Rd2 Be2 33. Qe3 Bb5 34. a4
Bc6 35. Rc2 Qb7 36. Bb2 Rc8 37. Ka2 Ra8 38. Ba3 Bd7 39. Qc5 Rc8 40. Qxc8+ Bxc8
41. Rxc8+ Qxc8 42. Bd6 d4 43. Bb4 d3 44. Ka3 Qc1+ 45. Ka2 d2 46. Bxd2 Qxd2+ 47.
Ka3 Kf8 48. b4 Qc3+ 0-1

[Event "2014 Under 1800"]
[Site "Edmonton"]
[Date "2014.08.31"]
[Round "5"]
[White "Mo, Michelle"]
[Black "Koperski, Dustin"]
[Result "0-1"]
[WhiteElo "1554"]
[BlackElo "1716"]
[PlyCount "172"]
[EventDate "2014.08.30"]
[EventType "swiss"]
[EventRounds "5"]
[EventCountry "CAN"]

1. e4 c5 2. Nf3 d6 3. d4 cxd4 4. Nxd4 Nf6 5. Nc3 a6 6. Bd3 e5 7. Nb3 Be7 8. O-O
Be6 9. Be3 O-O 10. Nd2 Nbd7 11. Nf3 h6 12. Qd2 Ng4 13. h3 Nxe3 14. Qxe3 b5 15.
a3 Nb6 16. b3 Rc8 17. Ne2 Bf6 18. Ng3 d5 19. Rad1 d4 20. Qd2 Qd6 21. b4 Rc7 22.
Rc1 Rfc8 23. Ne2 Na4 24. Rb1 Nc3 25. Nxc3 Rxc3 26. Ra1 Bc4 27. Bxc4 R8xc4 28.
Ne1 Bg5 29. Qd1 Qg6 30. Qe2 Bd8 31. Qg4 Qxg4 32. hxg4 Rc6 33. Ra2 Bg5 34. Nf3
Bf4 35. Ne1 f6 36. Ra1 Bd2 37. Ra2 Bxe1 38. Rxe1 Rxc2 39. Rxc2 Rxc2 40. Ra1 Rc4
41. Kf1 Kf7 42. Ke2 Kg6 43. f3 Rc2+ 44. Kf1 Kg5 45. g3 g6 46. Ke1 Rh2 47. Rd1
Rh1+ 48. Ke2 Rxd1 49. Kxd1 f5 50. gxf5 gxf5 51. exf5 Kxf5 52. Ke2 h5 53. Kd3
Ke6 54. Ke2 Kd6 55. Kd2 Ke6 56. Ke2 Kf5 57. Kd3 Kg5 58. Ke2 h4 59. gxh4+ Kxh4
60. Kd3 Kh5 61. Ke2 Kg5 62. Kf2 Kf4 63. Ke2 d3+ 64. Kxd3 Kxf3 65. Kd2 e4 66.
Ke1 Ke3 67. Kd1 Kf2 68. Kd2 e3+ 69. Kd3 e2 70. Kd4 e1=Q 71. Kd5 Qc3 72. Kd6 Qc4
73. Ke5 Ke3 74. Kd6 Ke4 75. a4 Qxb4+ 76. Ke6 bxa4 77. Kf6 Qc5 78. Ke6 Qd5+ 79.
Ke7 Qc6 80. Kd8 Qb7 81. Ke8 Qc7 82. Kf8 Qd7 83. Kg8 Qe7 84. Kh8 Kf5 85. Kg8 Kg6
86. Kh8 Qg7# 0-1

[Event "20th Medicine Hat Open"]
[Site "Medicine Hat"]
[Date "2014.09.20"]
[Round "1.1"]
[White "Szulski, Adam"]
[Black "Miller, David"]
[Result "0-1"]
[WhiteElo "2249"]
[BlackElo "1746"]
[PlyCount "74"]
[EventDate "2014.09.20"]
[EventType "swiss"]
[EventRounds "5"]
[EventCountry "CAN"]

1. e4 c5 2. Nf3 d6 3. d4 cxd4 4. Nxd4 Nf6 5. Nc3 a6 6. Be3 Ng4 7. Qd2 Nxe3 8.
Qxe3 g6 9. Bc4 Bg7 10. Nde2 O-O 11. O-O Nc6 12. Rab1 b5 13. Bb3 Ne5 14. a3 Rb8
15. Ba2 a5 16. b3 b4 17. axb4 axb4 18. Nd5 e6 19. Ndf4 Ra8 20. Ra1 Ng4 21. Qg3
Bxa1 22. Rxa1 Qf6 23. c3 bxc3 24. Nxc3 Bb7 25. Nfe2 Ba6 26. Re1 Bxe2 27. Rxe2
Rfc8 28. e5 Nxe5 29. h3 Nf3+ 30. gxf3 Rxc3 31. Kg2 Ra5 32. h4 Rf5 33. Re3 Rxe3
34. fxe3 Qb2+ 35. Qf2 Qxf2+ 36. Kxf2 Ra5 37. Bb1 Ra3 0-1

[Event "20th Medicine Hat Open"]
[Site "Medicine Hat"]
[Date "2014.09.20"]
[Round "1.2"]
[White "Sequillion, Aaron"]
[Black "Steele, Len"]
[Result "1-0"]
[WhiteElo "2247"]
[BlackElo "1723"]
[PlyCount "33"]
[EventDate "2014.09.20"]
[EventType "swiss"]
[EventRounds "5"]
[EventCountry "CAN"]

1. e4 d5 2. exd5 Qxd5 3. Nc3 Qd8 4. d4 Nf6 5. Nf3 Bg4 6. h3 Bh5 7. g4 Bg6 8.
Ne5 Nbd7 9. Nxg6 hxg6 10. g5 Nh5 11. d5 Nb6 12. Be3 a6 13. Qf3 Qd6 14. O-O-O f5
15. gxf6 gxf6 16. Ne4 Qe5 17. Qg4 1-0

[Event "20th Medicine Hat Open"]
[Site "Medicine Hat"]
[Date "2014.09.20"]
[Round "1.3"]
[White "Koperski, Dustin"]
[Black "Fletcher, David"]
[Result "0-1"]
[WhiteElo "1730"]
[BlackElo "2119"]
[PlyCount "90"]
[EventDate "2014.09.20"]
[EventType "swiss"]
[EventRounds "5"]
[EventCountry "CAN"]

1. e4 c6 2. d4 d5 3. e5 Bf5 4. Nf3 e6 5. Be2 c5 6. c3 Nc6 7. O-O cxd4 8. cxd4
Bxb1 9. Rxb1 Nge7 10. Be3 Nf5 11. Bf4 Qb6 12. Be3 Be7 13. Qd2 O-O 14. Rfd1 Rac8
15. Rbc1 Qb4 16. Qxb4 Nxb4 17. a3 Nc6 18. Bb5 Nxe3 19. fxe3 Nb8 20. Rc3 Rxc3
21. bxc3 a6 22. Bd3 Bxa3 23. c4 dxc4 24. Bxc4 Rc8 25. Ba2 Rc1 26. Rxc1 Bxc1 27.
Kf2 Nc6 28. e4 Nb4 29. Bb3 Bb2 30. Ke3 Nc6 31. d5 exd5 32. exd5 Nxe5 33. Nxe5
Bxe5 34. h3 Kf8 35. Ke4 f6 36. Kf5 Ke7 37. g4 Kd6 38. h4 b5 39. h5 a5 40. Ke4
Kc5 41. Ba2 a4 42. Kd3 b4 43. Bc4 b3 44. d6 Bxd6 45. Be6 Kb4 0-1

[Event "20th Medicine Hat Open"]
[Site "Medicine Hat"]
[Date "2014.09.20"]
[Round "1.5"]
[White "Tran-Ly, Tristan"]
[Black "Mikusek, Jerry"]
[Result "1-0"]
[WhiteElo "1526"]
[BlackElo "1955"]
[PlyCount "50"]
[EventDate "2014.09.20"]
[EventType "swiss"]
[EventRounds "5"]
[EventCountry "CAN"]

1. d4 Nf6 2. Bf4 g6 3. e3 Bg7 4. Nf3 O-O 5. c4 d6 6. Nc3 Nfd7 7. Be2 e5 8. dxe5
dxe5 9. Bg5 f6 10. Bh4 Nc6 11. Ne4 g5 12. Nfxg5 fxg5 13. Bxg5 Nf6 14. Nxf6+
Bxf6 15. Bxf6 Qxf6 16. O-O Be6 17. b3 Rad8 18. Qc2 Qg5 19. g3 Bf5 20. Qc3 Bh3
21. Rfe1 Qf5 22. f4 Qe4 23. Bf1 Bxf1 24. Rxf1 Rd3 25. Qxe5 Nxe5 1-0

[Event "20th Medicine Hat Open"]
[Site "Medicine Hat"]
[Date "2014.09.20"]
[Round "1.6"]
[White "Quiring, John"]
[Black "Sehn, Jordi"]
[Result "1-0"]
[WhiteElo "1862"]
[BlackElo "1223"]
[PlyCount "49"]
[EventDate "2014.09.20"]
[EventType "swiss"]
[EventRounds "5"]
[EventCountry "CAN"]

1. e4 e5 2. f4 d6 3. Nf3 Bg4 4. Bc4 c6 5. O-O d5 6. exd5 Bc5+ 7. Kh1 cxd5 8.
Bb5+ Nd7 9. fxe5 a6 10. Bxd7+ Qxd7 11. d4 Bb6 12. Nc3 Ne7 13. Bg5 Nf5 14. Qd3
Bxf3 15. Qxf3 g6 16. Qxd5 Bxd4 17. Qxd7+ Kxd7 18. Rad1 Ke6 19. g4 Ne3 20. Bxe3
Bxe3 21. Nd5 Bc5 22. Nc7+ Kxe5 23. Nxa8 Rxa8 24. Rxf7 Re8 25. Re1+ 1-0

[Event "20th Medicine Hat Open"]
[Site "Medicine Hat"]
[Date "2014.09.20"]
[Round "1.7"]
[White "Scholz, Mike"]
[Black "Wong, Ford"]
[Result "1/2-1/2"]
[WhiteElo "1403"]
[BlackElo "1835"]
[PlyCount "68"]
[EventDate "2014.09.20"]
[EventType "swiss"]
[EventRounds "5"]
[EventCountry "CAN"]

1. b3 e5 2. e4 Nf6 3. d3 Bc5 4. Nf3 d6 5. Bg5 Nbd7 6. h3 h6 7. Bxf6 Nxf6 8. c3
c6 9. b4 Bb6 10. Be2 O-O 11. O-O a5 12. Nbd2 axb4 13. cxb4 Be6 14. a3 Qd7 15.
Qc2 Rfc8 16. Nc4 Ba7 17. Ne3 g6 18. Qb2 Nh5 19. d4 f6 20. dxe5 fxe5 21. Rad1
Nf4 22. Nxe5 Qg7 23. Rxd6 Nxe2+ 24. Qxe2 Qxe5 25. Rfd1 Qxe4 26. Qb2 Bxe3 27.
fxe3 Qxe3+ 28. Kh1 Rf8 29. Qb1 Bf5 30. Qa2+ Kh8 31. Qb2+ Kg8 32. Qa2+ Kh8 33.
Qb2+ Kg8 34. Qa2+ Kh8 1/2-1/2

[Event "20th Medicine Hat Open"]
[Site "Medicine Hat"]
[Date "2014.09.20"]
[Round "1.8"]
[White "Taylor, Bill"]
[Black "Migrino, Quirck"]
[Result "1/2-1/2"]
[WhiteElo "1822"]
[BlackElo "1292"]
[PlyCount "87"]
[EventDate "2014.09.20"]
[EventType "swiss"]
[EventRounds "5"]
[EventCountry "CAN"]

1. f4 c5 2. b3 Nc6 3. Bb2 e6 4. e3 Nf6 5. Nf3 Be7 6. Ne5 Nxe5 7. Bxe5 O-O 8.
Be2 d6 9. Bb2 Ne4 10. O-O Bf6 11. c3 d5 12. d4 Qb6 13. Bf3 Rd8 14. Qe2 Bd7 15.
Rd1 cxd4 16. Bxe4 dxc3 17. Bxh7+ Kxh7 18. Bxc3 Bb5 19. Qh5+ Kg8 20. Bd4 Bxd4
21. exd4 Rac8 22. Qf3 Rc1 23. Rxc1 Qxd4+ 24. Kh1 Qxa1 25. Qc3 Qxc3 26. Rxc3 d4
27. Rc5 Bc6 28. Nd2 Rd5 29. Rxd5 Bxd5 30. Kg1 Kf8 31. g4 Ke7 32. Kf2 Kd6 33.
Ke2 e5 34. Kd3 f6 35. h4 Ke6 36. f5+ Kd6 37. g5 fxg5 38. hxg5 Ke7 39. a4 a6 40.
b4 b5 41. axb5 axb5 42. Nb1 Bc6 43. Nd2 Bd5 44. Nb1 1/2-1/2

[Event "20th Medicine Hat Open"]
[Site "Medicine Hat"]
[Date "2014.09.20"]
[Round "1.9"]
[White "Sunley, Ryan"]
[Black "Panteluk, Steven"]
[Result "0-1"]
[WhiteElo "1173"]
[BlackElo "1781"]
[PlyCount "68"]
[EventDate "2014.09.20"]
[EventType "swiss"]
[EventRounds "5"]
[EventCountry "CAN"]

1. d4 d5 2. Nf3 Nf6 3. Bf4 e6 4. Be5 Be7 5. Nbd2 O-O 6. Bxf6 Bxf6 7. c3 b5 8.
e3 a6 9. Qc2 Bb7 10. Bd3 g6 11. O-O Nd7 12. Be2 Rc8 13. a4 c5 14. axb5 axb5 15.
Bxb5 cxd4 16. exd4 Nb6 17. Qb3 Qd6 18. Qa3 Qc7 19. Qc5 Qd8 20. Qa3 Be7 21. Qb3
Qd6 22. Ne5 Rb8 23. f4 f6 24. Nd3 Rfc8 25. g3 Nc4 26. Nxc4 dxc4 27. Bxc4 Bd5
28. Ra6 Rxb3 29. Rxd6 Bxc4 30. Re1 Bxd6 31. Nc1 Rxb2 32. Nd3 Bxd3 33. Rxe6 Rxc3
34. Rxd6 Rc1# 0-1

[Event "20th Medicine Hat Open"]
[Site "Medicine Hat"]
[Date "2014.09.20"]
[Round "2.1"]
[White "Miller, David"]
[Black "Zeggelaar, Mike"]
[Result "1-0"]
[WhiteElo "2249"]
[BlackElo "2019"]
[PlyCount "71"]
[EventDate "2014.09.20"]
[EventType "swiss"]
[EventRounds "5"]
[EventCountry "CAN"]

1. g3 Nf6 2. Bg2 d5 3. Nf3 c5 4. O-O Nc6 5. d3 g6 6. Nbd2 Bg7 7. e4 e5 8. a3
dxe4 9. dxe4 Qe7 10. c3 O-O 11. Qe2 b6 12. a4 Bb7 13. Nc4 Ba6 14. Nfd2 Qe6 15.
b3 Na5 16. Rb1 Bh6 17. f4 Nxc4 18. Nxc4 Bxc4 19. bxc4 Bg7 20. f5 Qc6 21. Ra1
Rad8 22. g4 h6 23. h4 h5 24. g5 Ng4 25. f6 Bh8 26. Bf3 Qe6 27. a5 Rd6 28. axb6
axb6 29. Ra7 Rfd8 30. Re7 Qc8 31. Bxg4 hxg4 32. Rxe5 Rd3 33. Re8+ Rxe8 34. Qxd3
Rd8 35. Qe2 Qc7 36. Bf4 1-0

[Event "20th Medicine Hat Open"]
[Site "Medicine Hat"]
[Date "2014.09.20"]
[Round "2.2"]
[White "Panteluk, Steven"]
[Black "Sequillion, Aaron"]
[Result "0-1"]
[WhiteElo "1781"]
[BlackElo "2247"]
[PlyCount "50"]
[EventDate "2014.09.20"]
[EventType "swiss"]
[EventRounds "5"]
[EventCountry "CAN"]

1. d4 Nf6 2. c4 c5 3. Nf3 cxd4 4. Nxd4 Nc6 5. Nc3 g6 6. g3 Bg7 7. Bg2 O-O 8.
O-O Qa5 9. a3 Qc5 10. Nxc6 dxc6 11. b3 Qh5 12. f3 Ne4 13. fxe4 Bxc3 14. Ra2 Bh3
15. Be3 Rad8 16. Qc1 Bd4 17. Bxd4 Rxd4 18. Bf3 Qc5 19. Rf2 Rfd8 20. e3 Rd3 21.
Be2 Rxb3 22. Bf1 Bxf1 23. Kxf1 Qxe3 24. Qc2 Rc3 25. Qb2 Rd1+ 0-1

[Event "20th Medicine Hat Open"]
[Site "Medicine Hat"]
[Date "2014.09.20"]
[Round "2.3"]
[White "Fletcher, David"]
[Black "Quiring, John"]
[Result "1/2-1/2"]
[WhiteElo "2119"]
[BlackElo "1862"]
[PlyCount "68"]
[EventDate "2014.09.20"]
[EventType "swiss"]
[EventRounds "5"]
[EventCountry "CAN"]

1. b3 Nf6 2. Bb2 e6 3. e3 d5 4. f4 c5 5. Nf3 Be7 6. d4 cxd4 7. exd4 O-O 8. Bd3
Bd6 9. g3 a5 10. a4 b6 11. O-O Ba6 12. Nbd2 Bxd3 13. cxd3 b5 14. Ne5 Qb6 15.
axb5 Qxb5 16. Ndf3 Rc8 17. Ba3 Bxa3 18. Rxa3 Nc6 19. Nxc6 Rxc6 20. Qd2 Rac8 21.
Ne5 Rc3 22. Rfa1 h6 23. Rxa5 Qxb3 24. Ra8 Rc2 25. Rxc8+ Rxc8 26. Rc1 Qb7 27.
Rxc8+ Qxc8 28. Qb2 Nd7 29. Kf2 Nxe5 30. dxe5 Qc5+ 31. d4 Qc4 32. Ke3 Qf1 33.
Qb8+ Kh7 34. Qb2 Kg8 1/2-1/2

[Event "20th Medicine Hat Open"]
[Site "Medicine Hat"]
[Date "2014.09.20"]
[Round "2.4"]
[White "Tran-Ly, Tristan"]
[Black "Wong, Ford"]
[Result "1-0"]
[WhiteElo "1955"]
[BlackElo "1835"]
[PlyCount "67"]
[EventDate "2014.09.20"]
[EventType "swiss"]
[EventRounds "5"]
[EventCountry "CAN"]

1. d4 Nf6 2. c4 g6 3. Nc3 Bg7 4. e4 d6 5. h3 O-O 6. Nf3 Nbd7 7. Bg5 h6 8. Be3
e5 9. d5 Nc5 10. Nd2 a5 11. Be2 Bd7 12. g4 Nh7 13. Qc2 Qc8 14. O-O-O a4 15.
Rdg1 c6 16. Bxc5 dxc5 17. Nxa4 Rxa4 18. Qxa4 cxd5 19. Qc2 d4 20. Rg3 Nf6 21.
Rhg1 Ne8 22. Nf3 Nd6 23. Nh4 b5 24. Nf5 Nxf5 25. gxf5 g5 26. h4 f6 27. cxb5 Kh7
28. hxg5 fxg5 29. Rh1 Bf6 30. Bc4 Qb7 31. Qe2 Bg7 32. Qh5 Rf6 33. Qxg5 Qxe4 34.
Qxg7# 1-0

[Event "20th Medicine Hat Open"]
[Site "Medicine Hat"]
[Date "2014.09.20"]
[Round "2.5"]
[White "Scholz, Mike"]
[Black "Taylor, Bill"]
[Result "1/2-1/2"]
[WhiteElo "1403"]
[BlackElo "1822"]
[PlyCount "51"]
[EventDate "2014.09.20"]
[EventType "swiss"]
[EventRounds "5"]
[EventCountry "CAN"]

1. Nf3 d5 2. b3 Nf6 3. Bb2 g6 4. e3 Bg7 5. Be2 O-O 6. O-O c5 7. c4 Nc6 8. cxd5
Nxd5 9. Bxg7 Kxg7 10. d4 cxd4 11. Nxd4 Ne5 12. Qd2 b6 13. Nc3 Bb7 14. Nxd5 Bxd5
15. Qb2 f6 16. Rad1 Qc8 17. f3 Bf7 18. Rc1 Qe8 19. f4 Nd7 20. Bb5 Rc8 21. f5
Rxc1 22. Rxc1 e5 23. fxe6 Bxe6 24. Rc7 Rf7 25. Rxa7 Kg8 26. Qc3 1/2-1/2

[Event "20th Medicine Hat Open"]
[Site "Medicine Hat"]
[Date "2014.09.20"]
[Round "2.6"]
[White "Migrino, Quirck"]
[Black "Anderson, Mark"]
[Result "0-1"]
[WhiteElo "1292"]
[BlackElo "1714"]
[PlyCount "128"]
[EventDate "2014.09.20"]
[EventType "swiss"]
[EventRounds "5"]
[EventCountry "CAN"]

1. e4 c6 2. d4 d5 3. Nc3 dxe4 4. Nxe4 Bf5 5. Nc3 e6 6. Be2 Nf6 7. Nf3 Nbd7 8.
Bg5 Be7 9. O-O h6 10. Bh4 O-O 11. Re1 Re8 12. Bd3 Bxd3 13. Qxd3 Qb6 14. Rab1
Bd6 15. Ne5 Qc7 16. Bg3 Rad8 17. Nxd7 Rxd7 18. Bxd6 Qxd6 19. Rbd1 Red8 20. Ne4
Qe7 21. Nxf6+ Qxf6 22. c3 Rd5 23. Re3 Rf5 24. Qe2 Rdd5 25. Rdd3 Ra5 26. b4 Rad5
27. Rf3 Rf4 28. g3 Rff5 29. Rxf5 Rxf5 30. Re3 Qg5 31. h4 Qf6 32. Re5 Kf8 33.
Rxf5 Qxf5 34. Qb2 a6 35. Qb3 Ke7 36. a4 Qd5 37. Qxd5 cxd5 38. f4 Kd6 39. Kf2 f6
40. Ke3 h5 41. Kf3 g6 42. Ke3 e5 43. fxe5+ fxe5 44. Kf3 e4+ 45. Ke3 b5 46. a5
Ke6 47. Kf4 Kf6 48. Ke3 Kf5 49. Kf2 Kg4 50. Ke3 Kf5 51. Kd2 g5 52. Ke3 gxh4 53.
gxh4 Kg4 54. c4 dxc4 55. Kxe4 c3 56. Kd3 c2 57. Kxc2 Kxh4 58. Kd3 Kg5 59. Ke4
Kf6 60. d5 h4 61. Kd4 h3 62. Kc5 Ke7 63. Kb6 h2 64. Kxa6 h1=Q 0-1

[Event "20th Medicine Hat Open"]
[Site "Medicine Hat"]
[Date "2014.09.20"]
[Round "2.7"]
[White "Szulski, Adam"]
[Black "Davis-Imhof, Peter"]
[Result "1-0"]
[WhiteElo "1746"]
[BlackElo "1638"]
[PlyCount "39"]
[EventDate "2014.09.20"]
[EventType "swiss"]
[EventRounds "5"]
[EventCountry "CAN"]

1. e4 e5 2. Nf3 Nc6 3. Bb5 a6 4. Ba4 Bc5 5. d3 Nge7 6. Bg5 h6 7. Bh4 b5 8. Bb3
O-O 9. c3 Kh8 10. Nbd2 f6 11. O-O d5 12. h3 Bb7 13. Bc2 b4 14. Re1 a5 15. Nb3
Bb6 16. d4 g5 17. Bg3 a4 18. Nc1 Ng6 19. exd5 Nce7 20. c4 1-0

[Event "20th Medicine Hat Open"]
[Site "Medicine Hat"]
[Date "2014.09.20"]
[Round "2.8"]
[White "Steele, Len"]
[Black "Mikusek, Jerry"]
[Result "1/2-1/2"]
[WhiteElo "1723"]
[BlackElo "1526"]
[PlyCount "38"]
[EventDate "2014.09.20"]
[EventType "swiss"]
[EventRounds "5"]
[EventCountry "CAN"]

1. Nf3 b6 2. g3 Bb7 3. Bg2 Nf6 4. O-O e6 5. c4 c5 6. Nc3 Be7 7. b3 O-O 8. Bb2
Ne4 9. d3 Nxc3 10. Bxc3 Bf6 11. Bxf6 Qxf6 12. d4 cxd4 13. Qxd4 Qxd4 14. Nxd4
Bxg2 15. Kxg2 a6 16. Rfd1 Rd8 17. e4 Nc6 18. Rd2 Kf8 19. Rad1 Ke7 1/2-1/2

[Event "20th Medicine Hat Open"]
[Site "Medicine Hat"]
[Date "2014.09.20"]
[Round "2.9"]
[White "Sehn, Jordi"]
[Black "Koperski, Dustin"]
[Result "1-0"]
[WhiteElo "1223"]
[BlackElo "1730"]
[PlyCount "69"]
[EventDate "2014.09.20"]
[EventType "swiss"]
[EventRounds "5"]
[EventCountry "CAN"]

1. e4 c5 2. Nc3 d6 3. Bc4 Nf6 4. Nf3 e6 5. d4 cxd4 6. Nxd4 a6 7. O-O b5 8. Be2
e5 9. Nb3 Bb7 10. Bg5 Nbd7 11. f4 b4 12. Nd5 Bxd5 13. exd5 h6 14. fxe5 dxe5 15.
Bxf6 Nxf6 16. Bc4 Rc8 17. Qe2 Qc7 18. Nd2 a5 19. Rfe1 Bd6 20. Bb5+ Ke7 21. Nc4
Qc5+ 22. Kh1 Qxb5 23. Nxd6 Qd7 24. Qxe5+ Kd8 25. Nxc8 Kxc8 26. d6 Qa7 27. Qe7
Qd7 28. Qxd7+ Kxd7 29. Rad1 Ng4 30. Rd2 Rc8 31. Re7+ Kd8 32. d7 Rxc2 33. Re8+
Kc7 34. d8=Q+ Kb7 35. Rxc2 1-0

[Event "20th Medicine Hat Open"]
[Site "Medicine Hat"]
[Date "2014.09.20"]
[Round "3.1"]
[White "Sequillion, Aaron"]
[Black "Miller, David"]
[Result "1/2-1/2"]
[WhiteElo "2247"]
[BlackElo "2249"]
[PlyCount "124"]
[EventDate "2014.09.20"]
[EventType "swiss"]
[EventRounds "5"]
[EventCountry "CAN"]

1. d4 Nf6 2. c4 d6 3. Nf3 g6 4. Nc3 Bg7 5. e4 O-O 6. Be2 e5 7. O-O Nc6 8. d5
Ne7 9. b4 Ne8 10. Re1 f5 11. Ng5 h6 12. Ne6 Bxe6 13. dxe6 fxe4 14. Nxe4 Nf6 15.
Bf3 Nxe4 16. Bxe4 c6 17. Qd3 Rf6 18. Rd1 Rxe6 19. b5 Rf6 20. Ba3 Qb6 21. c5
dxc5 22. Rab1 Qc7 23. Bxc5 Nf5 24. bxc6 bxc6 25. Qa6 Nd4 26. Rb7 Qc8 27. Rdb1
Qg4 28. f3 Qc8 29. Be7 Re6 30. Qc4 Kh8 31. Bc5 a5 32. a4 Qd8 33. Kh1 Qf6 34.
Rd7 Nf5 35. Rbb7 Rg8 36. Qc1 Qh4 37. Kg1 Qf4 38. Qxf4 exf4 39. Bxf5 gxf5 40.
Rxg7 Rxg7 41. Bd4 Reg6 42. Bxg7+ Rxg7 43. Rb8+ Rg8 44. Rb6 Rc8 45. Kf1 Kg7 46.
Ra6 c5 47. Ke1 c4 48. Kd1 Rc5 49. Kc2 Re5 50. Kd2 Rc5 51. Kc3 Re5 52. Kxc4 Re2
53. Kd4 Rxg2 54. Ke5 Rxh2 55. Kxf5 Rh5+ 56. Kxf4 Rc5 57. Kg3 h5 58. f4 Rd5 59.
Kh4 Rf5 60. Kg3 Rc5 61. Kh4 Rf5 62. Kg3 Rc5 1/2-1/2

[Event "20th Medicine Hat Open"]
[Site "Medicine Hat"]
[Date "2014.09.20"]
[Round "3.2"]
[White "Fletcher, David"]
[Black "Tran-Ly, Tristan"]
[Result "0-1"]
[WhiteElo "2119"]
[BlackElo "1955"]
[PlyCount "96"]
[EventDate "2014.09.20"]
[EventType "swiss"]
[EventRounds "5"]
[EventCountry "CAN"]

1. Nh3 d5 2. g3 e5 3. d3 g6 4. f4 Nc6 5. Nf2 Bg7 6. fxe5 Nxe5 7. Bg2 c6 8. Nc3
Nf6 9. e4 O-O 10. exd5 Re8 11. O-O cxd5 12. Bg5 Be6 13. Qd2 Qb6 14. Bxf6 Bxf6
15. Nxd5 Bxd5 16. Bxd5 Rad8 17. Bg2 Nc4 18. Qf4 Ne3 19. Kh1 Nxf1 20. Rxf1 Be5
21. Qf3 Qxb2 22. Qxb7 Qxb7 23. Bxb7 Bd4 24. Bf3 Bxf2 25. Rxf2 Re1+ 26. Kg2 Ra1
27. c4 Kg7 28. Bd5 Rd7 29. Kf3 Re1 30. Rd2 h5 31. d4 Rd6 32. Kf2 Re7 33. Bf3
Rc7 34. Be2 Kf6 35. Ke3 Re7+ 36. Kf2 Re4 37. d5 Ke5 38. Rc2 Rf6+ 39. Bf3 Kd4
40. Kg2 Re3 41. Be2 Rc3 42. Rb2 Ke3 43. Rb3 Rxb3 44. axb3 Rf2+ 45. Kh3 Rxe2 46.
c5 g5 47. c6 Kf2 48. c7 Kg1 0-1

[Event "20th Medicine Hat Open"]
[Site "Medicine Hat"]
[Date "2014.09.20"]
[Round "3.3"]
[White "Anderson, Mark"]
[Black "Zeggelaar, Mike"]
[Result "0-1"]
[WhiteElo "1714"]
[BlackElo "2019"]
[PlyCount "152"]
[EventDate "2014.09.20"]
[EventType "swiss"]
[EventRounds "5"]
[EventCountry "CAN"]

1. d4 Nf6 2. c4 c5 3. d5 e6 4. Nc3 exd5 5. Nxd5 Nxd5 6. Qxd5 Nc6 7. Bd2 Be7 8.
Nf3 d6 9. Bc3 Be6 10. Qe4 Qd7 11. Qd3 Bf5 12. e4 Bg4 13. Be2 O-O 14. O-O a5 15.
Rad1 f6 16. Ne1 Be6 17. a3 a4 18. f4 Qc7 19. Nc2 Na5 20. Ne3 Nc6 21. Rf3 Rad8
22. Qc2 Ra8 23. Rg3 b5 24. Nd5 Bxd5 25. Rxd5 b4 26. Be1 Nd4 27. Qd1 bxa3 28.
bxa3 Rab8 29. Bc3 Nxe2+ 30. Qxe2 Rb1+ 31. Rd1 Rxd1+ 32. Qxd1 Qc6 33. Qg4 Rf7
34. Qe6 Qb7 35. h4 Qb3 36. Kh2 Qd1 37. Ba5 Qh5 38. Qg4 Qxg4 39. Rxg4 Rf8 40.
Rg3 Rb8 41. Bc7 Rb7 42. Ba5 h5 43. f5 d5 44. Rc3 d4 45. Rf3 Bd6+ 46. Kg1 Kf7
47. Bd2 Rb3 48. Ba5 Rxf3 49. gxf3 Ke7 50. Kf2 Kd7 51. Bd2 Bc7 52. f4 Kd6 53.
e5+ fxe5 54. Kf3 exf4 55. Kxf4 Bd8 56. Be1 Bf6 57. Ke4 Be5 58. Kd3 Bh2 59. Bd2
Ke5 60. Bg5 Kd6 61. Bd2 Bg3 62. Bg5 Be1 63. Bd8 Bc3 64. Kc2 Ke5 65. Be7 Be1 66.
Kd1 Bg3 67. Bxc5 Bxh4 68. Ke2 Bf6 69. Kd3 Kxf5 70. Bxd4 Bxd4 71. Kxd4 Ke6 72.
Kc5 h4 73. Kb6 h3 74. c5 h2 75. c6 h1=Q 76. c7 Qa8 0-1

[Event "20th Medicine Hat Open"]
[Site "Medicine Hat"]
[Date "2014.09.20"]
[Round "3.4"]
[White "Taylor, Bill"]
[Black "Sehn, Jordi"]
[Result "1/2-1/2"]
[WhiteElo "1822"]
[BlackElo "1223"]
[PlyCount "91"]
[EventDate "2014.09.20"]
[EventType "swiss"]
[EventRounds "5"]
[EventCountry "CAN"]

1. f4 e6 2. e3 d5 3. Nf3 g6 4. b3 Bg7 5. Nc3 Ne7 6. Bb2 O-O 7. Be2 c5 8. O-O
Nbc6 9. Na4 b6 10. Bxg7 Kxg7 11. Nb2 Nf5 12. g4 Nh4 13. Nd3 Ba6 14. Nde5 Nxf3+
15. Nxf3 Bxe2 16. Qxe2 Re8 17. Ne5 Nxe5 18. fxe5 Qg5 19. d4 Rac8 20. Rac1 cxd4
21. exd4 Rc3 22. Rcd1 Re3 23. Qg2 Rh8 24. Rf2 Re4 25. h3 h5 26. Qf3 Rf8 27.
Qf6+ Qxf6 28. exf6+ Kh6 29. gxh5 Kxh5 30. Rd3 Rc8 31. c3 Kg5 32. Rg3+ Kh4 33.
Kg2 g5 34. Kh2 Rg8 35. Rd3 Rf4 36. Rdf3 Rxf3 37. Rxf3 g4 38. Rf4 Rg5 39. c4 Kh5
40. hxg4+ Rxg4 41. Rxg4 Kxg4 42. c5 bxc5 43. dxc5 d4 44. Kg2 Kf4 45. c6 Ke3 46.
c7 1/2-1/2

[Event "20th Medicine Hat Open"]
[Site "Medicine Hat"]
[Date "2014.09.20"]
[Round "3.5"]
[White "Sunley, Ryan"]
[Black "Szulski, Adam"]
[Result "0-1"]
[WhiteElo "1173"]
[BlackElo "1746"]
[PlyCount "84"]
[EventDate "2014.09.20"]
[EventType "swiss"]
[EventRounds "5"]
[EventCountry "CAN"]

1. e4 c5 2. d4 cxd4 3. Qxd4 Nc6 4. Qd1 e6 5. Nc3 a6 6. h4 Nf6 7. Bg5 Be7 8. Be2
h6 9. Be3 Bb4 10. a3 Bxc3+ 11. bxc3 Nxe4 12. Bf3 Nxc3 13. Qd3 Nb5 14. Bxc6 bxc6
15. Nf3 d6 16. a4 Na7 17. Rd1 Qa5+ 18. Rd2 Qd5 19. Bxa7 Rxa7 20. Qxd5 cxd5 21.
Nd4 Bd7 22. a5 Bb5 23. Nxb5 axb5 24. c3 Rxa5 25. O-O Ra3 26. Rb2 Rxc3 27. Rxb5
Ke7 28. Rb7+ Kf6 29. Rb6 Rd8 30. Rfb1 d4 31. R1b3 d5 32. Rxc3 dxc3 33. Rb1 d4
34. Kf1 d3 35. Rc1 c2 36. f3 d2 37. Rxc2 d1=Q+ 38. Kf2 Qxc2+ 39. Kg3 Rd2 40.
Kf4 Rxg2 41. h5 Qd2+ 42. Ke4 Re2# 0-1

[Event "20th Medicine Hat Open"]
[Site "Medicine Hat"]
[Date "2014.09.20"]
[Round "3.6"]
[White "Wong, Ford"]
[Black "Mikusek, Jerry"]
[Result "1-0"]
[WhiteElo "1835"]
[BlackElo "1526"]
[PlyCount "97"]
[EventDate "2014.09.20"]
[EventType "swiss"]
[EventRounds "5"]
[EventCountry "CAN"]

1. d4 b6 2. c4 Bb7 3. Nc3 e6 4. Bf4 Nf6 5. e3 Ne4 6. Nf3 Bb4 7. Rc1 O-O 8. Bd3
h6 9. O-O g5 10. Bg3 Nxg3 11. fxg3 Bd6 12. Ne5 Bxe5 13. dxe5 f5 14. exf6 Rxf6
15. Rxf6 Qxf6 16. Qh5 Na6 17. Rf1 Qg7 18. Nb5 Rf8 19. Rxf8+ Kxf8 20. Nxa7 Nc5
21. Bf1 Be4 22. Nb5 c6 23. Nd4 Bg6 24. Qd1 Qe5 25. Qe2 Ke7 26. b3 Bd3 27. Qe1
Qe4 28. Bxd3 Nxd3 29. Qd2 c5 30. Nb5 d5 31. Nc3 Qf5 32. g4 Qg6 33. cxd5 e5 34.
e4 Nb4 35. a3 Na6 36. Qd3 Nc7 37. Qf3 Qf6 38. Qxf6+ Kxf6 39. Kf2 Ke7 40. a4 Kd7
41. Ke3 Na6 42. Kd3 Nb4+ 43. Kc4 Kc7 44. Kb5 Nd3 45. d6+ Kxd6 46. Kxb6 Nc1 47.
a5 Nxb3 48. a6 Nd4 49. a7 1-0